Taylor Swift - Paroles 22 - Statistiques

Statistiques générales
  • Ce quiz a été pris 202 fois
    84 depuis la dernière actualisation
  • Le résultat moyen est 347 sur 394
Statistiques - réponses
Hint Réponse % Correct
a
100%
Refrain I
100%
I
100%
(I
100%
you,
100%
you
100%
You
100%
you)
100%
(you
100%
22
98%
about
98%
be
98%
but
98%
But
98%
Bridge | Couplet 2 It
98%
don't
98%
don’t
98%
feeling
98%
I'm
98%
Couplet 1 | Outro It
98%
know
98%
like
98%
like)
98%
oh
98%
(Oh,
98%
oh,
98%
oh)
98%
Oh,
98%
Oh
98%
To
98%
to
98%
whoah,
98%
Ah-ah,
97%
ah-ah
97%
alright
97%
(alright)
97%
night
97%
Everything
95%
feels
95%
perfect
95%
And
93%
and
93%
dress
93%
me
93%
me,
93%
me)
93%
up
93%
we
93%
We
93%
will
93%
Pré-refrain Yeah,
90%
of
90%
we're
90%
when
90%
yeah
90%
(yeah,
90%
yeah)
90%
yeah,
90%
in
88%
exes
87%
fun
87%
hipsters
87%
It's
87%
our
87%
the
87%
time
87%
time,
87%
make
85%
want
85%
dancing
83%
(dancing
83%
just
83%
keep
83%
next
83%
at
82%
at
82%
if
82%
magical,
82%
one
82%
same
82%
those
82%
bet
80%
For
80%
happy,
80%
confused,
78%
I'll
78%
nights
78%
forget
77%
lonely
77%
love
75%
miserable
75%
fall
73%
is
73%
sleeping
73%
strangers
73%
with
73%
free,
70%
midnight
70%
This
70%
best
68%
cool
68%
instead
68%
Tonight's
68%
way
68%
breakfast
67%
have
67%
seems
67%
whole
67%
Refrain Hey!
65%
Refrain Hey!
65%
kids
65%
many
65%
too
65%
Too
65%
scene
63%
won't
63%
heartbreaks
62%
place
62%
bad
60%
crowded
60%
deadlines
60%
dreaming,
60%
gotta
58%
news
58%
anyway?
57%
end
57%
look
57%
Swift
57%
Taylor
57%
("Who's
55%
ditched
52%
Ew")
50%
Aucun quiz correspondant
Distribution des résultats
% des personnes avec chaque résultat
Percentile par nombre de réponses
Votre historique - résultats
Vous n’avez pas pris ce quiz depuis la dernière actualisation